| 000 | 00732nam a22001337a 4500 | ||
|---|---|---|---|
| 040 | _cRUA | ||
| 082 | _aAGR BB PHO 2010 B061 Or.1 | ||
| 100 | _aPHORN BOREY | ||
| 245 | _aEffect of hill spacing on green mustard in anlongvil commune, sangker district, battambang province, (ឥទ្ធិពលចន្លោះគុម្ពទៅលើការលូតលាស់របស់ដំណាំស្ពៃខៀវ ក្នុងឃុំអន្លង់វិល ស្រុកសង្កែ ខេត្តបាត់ដំបង) | ||
| 260 |
_aphnom penh _bRUA _c2010 |
||
| 300 |
_aix, 46p. _bill. _c29cm. |
||
| 856 | _uhttps://drive.google.com/file/d/1RvoQMabSL-k1sUT9l6Y6mvLcoZtHARUQ/view?usp=sharing | ||
| 942 | _cAGRBB | ||
| 999 |
_c1470 _d1470 |
||